[Event "Lublin Chmielewski Memorial-B"]
[Site "Lublin"]
[Date "2013.12.27"]
[Round "3"]
[White "Greszeta, Robert"]
[Black "Jaroszuk, Ireneusz"]
[Result "1-0"]
[WhiteElo "1534"]
[BlackElo "1000"]
[PlyCount "39"]
[EventDate "2013.12.27"]
[EventType "swiss"]
[EventRounds "7"]
[EventCountry "POL"]
[SourceTitle "CBM 158 Extra"]
[Source "ChessBase"]
[SourceDate "2014.02.28"]
[SourceVersion "1"]
[SourceVersionDate "2014.02.28"]
[SourceQuality "1"]

1. d4 d5 2. c4 dxc4 3. e4 Nf6 4. Nc3 e6 5. Bxc4 Bb4 6. Bg5 h6 7. Bh4 g5 8. Bg3 Nxe4 9. Qd3 Nxg3 10. hxg3 Bxc3+ 11. bxc3 Nc6 12. Nf3 f6 13. Qg6+ Ke7 14. Rd1 Qg8 15. Qd3 Bd7 16. d5 Rd8 17. dxe6 Bxe6 18. Qxd8+ Qxd8 19. Rxd8 Rxd8 20. Bxe6 1-0

[Event "Lublin op 4th"]
[Site "Lublin"]
[Date "2012.??.??"]
[Round "2"]
[White "Greszeta, Robert"]
[Black "Fraczek, Weronika"]
[Result "1/2-1/2"]
[WhiteElo "1602"]
[BlackElo "1303"]
[PlyCount "72"]
[EventDate "2012.06.04"]
[EventType "swiss"]
[EventRounds "9"]
[EventCountry "POL"]
[SourceTitle "EXT 2014"]
[Source "ChessBase"]
[SourceDate "2013.11.20"]
[SourceVersion "1"]
[SourceVersionDate "2013.11.20"]
[SourceQuality "1"]

1. d4 Nf6 2. c4 g6 3. Nc3 Bg7 4. e4 d6 5. Nf3 c6 6. h3 Nbd7 7. Be3 0-0 8. Qd2 e5 9. d5 c5 10. Be2 Nb6 11. b3 Bd7 12. Bh6 Re8 13. Bxg7 Kxg7 14. g4 Qc8 15. g5 Nh5 16. h4 Nf4 17. 0-0-0 Bg4 18. Nh2 Nxe2+ 19. Nxe2 Bxe2 20. Qxe2 Nd7 21. h5 Qd8 22. Rdg1 a5 23. hxg6 hxg6 24. Qg4 Rh8 25. Nf3 Nb6 26. Rh3 Qd7 27. Qxd7 Nxd7 28. Rgh1 Rxh3 29. Rxh3 a4 30. Kb1 axb3 31. axb3 b5 32. Nd2 b4 33. Kc2 Rh8 34. Rxh8 Kxh8 35. Kd3 f6 36. gxf6 Nxf6 1/2-1/2

[Event "Lublin op 4th"]
[Site "Lublin"]
[Date "2012.??.??"]
[Round "3"]
[White "Nowosad, Jan"]
[Black "Greszeta, Robert"]
[Result "1-0"]
[WhiteElo "1569"]
[BlackElo "1602"]
[PlyCount "63"]
[EventDate "2012.06.04"]
[EventType "swiss"]
[EventRounds "9"]
[EventCountry "POL"]
[SourceTitle "EXT 2014"]
[Source "ChessBase"]
[SourceDate "2013.11.20"]
[SourceVersion "1"]
[SourceVersionDate "2013.11.20"]
[SourceQuality "1"]

1. e4 c6 2. d4 d5 3. Nc3 dxe4 4. Nxe4 Bf5 5. Ng3 Bg6 6. h4 h6 7. Nf3 e6 8. h5 Bh7 9. Bd3 Bxd3 10. Qxd3 Nd7 11. Bd2 Qc7 12. 0-0-0 0-0-0 13. Qe2 Bd6 14. Ne4 Be7 15. Kb1 Ngf6 16. Nxf6 gxf6 17. Bc3 Kb8 18. Nd2 e5 19. Nc4 exd4 20. Bxd4 Rhe8 21. Rhe1 b6 22. Qf3 c5 23. Be3 Ne5 24. Nxe5 fxe5 25. Rxd8+ Rxd8 26. Bxh6 f6 27. Bg7 Qd6 28. h6 Qd2 29. Rh1 e4 30. Qg3+ Kb7 31. a3 Qe2 32. Qe3 1-0

[Event "Lublin op 4th"]
[Site "Lublin"]
[Date "2012.??.??"]
[Round "7"]
[White "Paluch, Andrzej"]
[Black "Greszeta, Robert"]
[Result "1/2-1/2"]
[WhiteElo "1569"]
[BlackElo "1602"]
[PlyCount "54"]
[EventDate "2012.06.04"]
[EventType "swiss"]
[EventRounds "9"]
[EventCountry "POL"]
[SourceTitle "EXT 2014"]
[Source "ChessBase"]
[SourceDate "2013.11.20"]
[SourceVersion "1"]
[SourceVersionDate "2013.11.20"]
[SourceQuality "1"]

1. c4 e5 2. g3 Nf6 3. Bg2 c6 4. Nc3 Be7 5. Nf3 d6 6. 0-0 0-0 7. d4 Nbd7 8. b3 h6 9. Bb2 Re8 10. e3 a6 11. Ne2 exd4 12. Nfxd4 c5 13. Nf3 Rb8 14. Qd2 b5 15. cxb5 axb5 16. Rfd1 Qb6 17. Rac1 Bb7 18. Nc3 Red8 19. Qd3 Bc6 20. Nh4 Bxg2 21. Kxg2 Ne5 22. Qe2 Qc6+ 23. Kg1 b4 24. Nb1 Nh7 25. Nf5 Nf3+ 26. Kf1 Nxh2+ 27. Kg1 Nf3+ 1/2-1/2

[Event "Kreznica Jara op 2nd"]
[Site "Kreznica Jara"]
[Date "2010.02.19"]
[Round "6"]
[White "Bednarczyk, Alicja"]
[Black "Greszeta, Robert"]
[Result "0-1"]
[WhiteElo "1497"]
[BlackElo "1635"]
[PlyCount "54"]
[EventDate "2010.02.15"]
[EventType "swiss"]
[EventRounds "7"]
[EventCountry "POL"]
[SourceTitle "CBM 135 Extra"]
[Source "ChessBase"]
[SourceDate "2010.05.04"]
[SourceVersion "1"]
[SourceVersionDate "2010.05.04"]
[SourceQuality "1"]

1. e4 c6 2. d4 d5 3. Nc3 dxe4 4. Nxe4 Bf5 5. Ng3 Bg6 6. f4 e6 7. Nf3 Nf6 8. Bc4 Nbd7 9. Qe2 Be7 10. 0-0 0-0 11. c3 Re8 12. Ne5 Nxe5 13. fxe5 Nd5 14. Bd2 Qb6 15. Bb3 c5 16. dxc5 Bxc5+ 17. Kh1 Rad8 18. Ne4 Be7 19. Rad1 Qc7 20. Ng5 h6 21. Nf3 Bc5 22. c4 Ne7 23. Be3 Bxe3 24. Qxe3 b6 25. Nd4 Nf5 26. Ba4 Nxe3 27. Bxe8 Rxe8 0-1